00486nam a2200169Ia 4500020001900000082001900019245003900038260003800077300001600115650002000131650004600151650003000197650002300227650002800250700002100278700001700299 a0 566 0 5058 7 aRR 025.04 MAN- 0aManual of online search strategies aAldershotbGower Publishingc1988 axiii, 831p. aLibrary science aInformation storage and retrieval systems aOn-line search strategies aDatabase searching aOn-line data processing aArmstrong, C.J.  aLarge, J.A.